Consuming interests : The social provision of foods
Blending critical theory, empirical research and policy, Consuming Interests provides a topical and interdisciplinary exploration into the nature of food provision, policy and regulation
Đã lưu trong:
| Tác giả chính: | |
|---|---|
| Định dạng: | Sách |
| Ngôn ngữ: | Undetermined |
| Được phát hành: |
England
Routledge
2000
|
| Những chủ đề: | |
| Các nhãn: |
Thêm thẻ
Không có thẻ, Là người đầu tiên thẻ bản ghi này!
|
| Thư viện lưu trữ: | Trung tâm Học liệu Trường Đại học Cần Thơ |
|---|
| LEADER | 00892nam a2200229Ia 4500 | ||
|---|---|---|---|
| 001 | CTU_100456 | ||
| 008 | 210402s9999 xx 000 0 und d | ||
| 020 | |c 137000 | ||
| 082 | |a 338.47664 | ||
| 082 | |b M364 | ||
| 100 | |a Marsden, Terry | ||
| 245 | 0 | |a Consuming interests : | |
| 245 | 4 | |b The social provision of foods | |
| 245 | 0 | |c Terry Marsden, Andrew Flynn, Michelle Harrison | |
| 260 | |a England | ||
| 260 | |b Routledge | ||
| 260 | |c 2000 | ||
| 520 | |a Blending critical theory, empirical research and policy, Consuming Interests provides a topical and interdisciplinary exploration into the nature of food provision, policy and regulation | ||
| 650 | |a Food industry and trade,Food adulteration and inspection,Food law and legislation,Food,Consumer protection | ||
| 650 | |x Social aspects,Marketing | ||
| 904 | |i Truc | ||
| 980 | |a Trung tâm Học liệu Trường Đại học Cần Thơ | ||